000
00279nam a2200109Ia 4500
008
200302s9999 xx 000 0 und d
100
_a
David Harvey
245
_a
Seventeen Contradictions and the end of Capitalism
260
_b
Profile Books Ltd.,
260
_c
2014
300
_a
338
999
_c
5299
_d
5299